| 000 | 01141nam a22003737a 4500 | ||
|---|---|---|---|
| 001 | 063 | ||
| 003 | DO-SdBNP | ||
| 005 | 20180220153646.0 | ||
| 007 | 063 | ||
| 008 | 151005b1991sp 00| 0 spa d | ||
| 020 | _a8434808315 | ||
| 040 |
_aBPMSU _bspa _cBPMSU |
||
| 082 |
_a823.91 _bS726g |
||
| 092 |
_a _b |
||
| 100 | 1 |
_aSouthall, Iván _d1921- |
|
| 240 | 1 | 0 |
_aLet the balloon go _f _l Espñaol |
| 245 | 1 | 0 |
_a¡Suelta el globo! / _cIván Southall ; ilustraciones A. Albarrán, A. Perera ; traducción Jesús Valiente ; colección dirigida por Marinella Terzi |
| 250 | _a10a. ed. | ||
| 260 |
_aMadrid : _bEdiciones SM, _c1991 |
||
| 300 |
_a156 p. : _bil. ; _c20 cm. |
||
| 490 | 1 |
_aEl barco de vapor _a Roja _v4 |
|
| 500 | _aA partir de 12 años | ||
| 521 | 1 | _aA partir de los 12 años | |
| 650 | _2CUENTOS JUVENILES INGLESES | ||
| 700 | 1 | 2 |
_aTerzi, Marinella _edir. |
| 700 | 1 | 2 |
_aAlbarrán, A. _eil. |
| 700 | 1 | 2 |
_aPerera, A. _eil. |
| 700 | 1 | 2 |
_aValiente, Jesús _etrad. |
| 830 | 0 |
_aBarco de vapor ; _n4 _pRoja |
|
| 910 | _a | ||
| 942 |
_2ddc _cBK |
||
| 945 | _aInventariado, 2018 / BT | ||
| 956 |
_aVMATEO _b10 _c20161020 _dBPMSU _f0069 |
||
| 999 |
_c11635 _d11635 |
||